[Event "BL2 West 1617 (Women)"]
[Site "Germany"]
[Date "2017.01.22"]
[Round "4.2"]
[White "Solberg, Kirsten"]
[Black "Freter, Anke"]
[Result "1-0"]
[WhiteElo "1937"]
[BlackElo "1869"]
[PlyCount "119"]
[EventDate "2016.10.22"]
[EventType "team-tourn"]
[EventRounds "7"]
[EventCountry "GER"]
[SourceTitle "EXT 2018"]
[Source "ChessBase"]
[SourceDate "2017.10.13"]
[SourceVersion "1"]
[SourceVersionDate "2017.10.13"]
[SourceQuality "1"]
[WhiteTeam "Wattenscheid (W)"]
[BlackTeam "Quickborn Holstein (W)"]
[WhiteTeamCountry "GER"]
[BlackTeamCountry "GER"]

1. e4 c5 2. Nf3 Nc6 3. d4 cxd4 4. Nxd4 Nf6 5. Nc3 d6 6. Be2 a6 7. a4 e5 8. Nb3 Be7 9. Be3 Be6 10. 0-0 d5 11. Nxd5 Nxd5 12. exd5 Qxd5 13. Qxd5 Bxd5 14. c4 Be6 15. Bb6 Rc8 16. Rfd1 e4 17. Nd4 Nxd4 18. Bxd4 0-0 19. b3 f5 20. Rab1 f4 21. Bb6 Rc6 22. a5 f3 23. gxf3 exf3 24. Bf1 Rf4 25. Rd4 Rf5 26. Rbd1 Kf7 27. h4 Bf6 28. Re4 Rh5 29. Bd8 Bf5 30. Rf4 Bxd8 31. Rxd8 Rg6+ 32. Kh2 Rg4 33. Rxg4 Bxg4 34. Kg3 Be6 35. b4 g5 36. hxg5 Rxg5+ 37. Kxf3 Kf6 38. Rd4 h5 39. Rf4+ Ke5 40. Ke3 Rg4 41. Rxg4 Bxg4 42. f4+ Kd6 43. Bg2 Kc7 44. Bf3 Be6 45. c5 h4 46. Kf2 Bc8 47. Be4 Kd8 48. Ke3 Ke7 49. f5 Kf6 50. Kf4 h3 51. Kg3 Ke5 52. Bc2 Kd4 53. f6 Be6 54. Bg6 Kc4 55. Be4 Kxb4 56. Bxb7 Kxa5 57. Bc8 Bf7 58. Bd7 Bc4 59. Kxh3 Bd5 60. Kg3 1-0

[Event "Ruhrgebiet Verbandsklasse Gruppe 1 1617"]
[Site "Germany"]
[Date "2016.12.18"]
[Round "5.3"]
[White "Solberg, Kirsten"]
[Black "Wernitz, Albert Peter"]
[Result "1/2-1/2"]
[WhiteElo "1868"]
[BlackElo "1976"]
[PlyCount "61"]
[EventDate "2016.09.04"]
[EventType "team-tourn"]
[EventRounds "9"]
[EventCountry "GER"]
[SourceTitle "EXT 2022"]
[Source "ChessBase"]
[SourceDate "2021.10.06"]
[SourceVersion "1"]
[SourceVersionDate "2021.10.06"]
[SourceQuality "1"]
[WhiteTeam "Unna SV"]
[BlackTeam "Recklinghausen Altstadt"]
[WhiteTeamCountry "GER"]
[BlackTeamCountry "GER"]

1. e4 c5 2. Nf3 Nc6 3. d4 cxd4 4. Nxd4 g6 5. Be2 Bg7 6. Be3 d6 7. 0-0 Nf6 8. Nc3 0-0 9. Rb1 Bd7 10. f4 a6 11. a4 Rc8 12. Kh1 Qa5 13. Nb3 Qd8 14. Bf3 Be6 15. Nd5 Bxd5 16. exd5 Na5 17. Nxa5 Qxa5 18. c3 Qc7 19. Re1 Rfe8 20. Qd2 Nd7 21. Bd4 Bxd4 22. Qxd4 Qc4 23. Re4 Qxd4 24. Rxd4 Rc5 25. Rb4 Rc7 26. Re1 Kf8 27. g4 Nc5 28. Re3 Rb8 29. Bd1 Nd7 30. g5 b5 31. axb5 1/2-1/2

[Event "Ruhrgebiet Bezirksliga 15/16"]
[Site "Ruhrgebiet"]
[Date "2015.10.25"]
[Round "3.2"]
[White "Solberg, Kirsten"]
[Black "Beulertz, Stefan"]
[Result "1-0"]
[WhiteElo "1855"]
[BlackElo "1953"]
[PlyCount "85"]
[EventDate "2015.08.30"]
[EventType "team-tourn"]
[EventRounds "9"]
[EventCountry "GER"]
[SourceTitle "EXT 2022"]
[Source "ChessBase"]
[SourceDate "2021.10.06"]
[SourceVersion "1"]
[SourceVersionDate "2021.10.06"]
[SourceQuality "1"]
[WhiteTeam "Unna SV"]
[BlackTeam "Werl SC 1981"]
[WhiteTeamCountry "GER"]
[BlackTeamCountry "GER"]

1. e4 e6 2. d4 d5 3. Nd2 Nc6 4. c3 dxe4 5. Nxe4 Qd5 6. Ng3 h5 7. Be2 Nf6 8. Bf3 Qd6 9. h4 Be7 10. N1e2 Nd5 11. Ne4 Qd8 12. Bg5 f6 13. Bd2 e5 14. c4 Ndb4 15. d5 Nd3+ 16. Kf1 Nb8 17. Qc2 Nc5 18. Nxc5 Bxc5 19. Qg6+ Kf8 20. b4 Be7 21. Bxh5 Rxh5 22. Qxh5 Kg8 23. Qg6 c6 24. Rd1 Bf8 25. h5 Bd7 26. h6 Qe8 27. Qxe8 Bxe8 28. hxg7 Bxg7 29. d6 Bg6 30. Bh6 Nd7 31. c5 a5 32. a3 axb4 33. axb4 Ra4 34. Bxg7 Kxg7 35. Rh4 Ra2 36. f3 Kf7 37. Rc4 Ke6 38. f4 Bh5 39. Re1 Bg6 40. fxe5 Kd5 41. Rc3 fxe5 42. Rg3 Bf5 43. Nc3+ 1-0

[Event "Ruhrgebiet Bezirksliga 15/16"]
[Site "Ruhrgebiet"]
[Date "2015.08.30"]
[Round "1.2"]
[White "Solberg, Kirsten"]
[Black "Behn, Juergen"]
[Result "1/2-1/2"]
[WhiteElo "1855"]
[BlackElo "1707"]
[PlyCount "65"]
[EventDate "2015.08.30"]
[EventType "team-tourn"]
[EventRounds "9"]
[EventCountry "GER"]
[SourceTitle "EXT 2022"]
[Source "ChessBase"]
[SourceDate "2021.10.06"]
[SourceVersion "1"]
[SourceVersionDate "2021.10.06"]
[SourceQuality "1"]
[WhiteTeam "Unna SV"]
[BlackTeam "Unna SV II"]
[WhiteTeamCountry "GER"]
[BlackTeamCountry "GER"]

1. e4 c5 2. Nf3 Nc6 3. d4 cxd4 4. Nxd4 e5 5. Nb5 d6 6. Be3 a6 7. N5c3 Nf6 8. Be2 Be7 9. a4 0-0 10. 0-0 Be6 11. Bf3 Nb4 12. Nd2 Rc8 13. Rc1 d5 14. exd5 Nfxd5 15. Nxd5 Nxd5 16. Bxd5 Bxd5 17. c4 Bc6 18. b3 f5 19. Nb1 f4 20. Qxd8 Rcxd8 21. Bb6 Rd3 22. Rc3 Rxc3 23. Nxc3 Rf6 24. c5 e4 25. b4 Re6 26. b5 axb5 27. axb5 Be8 28. Re1 Bf6 29. Rxe4 Rxe4 30. Nxe4 Be5 31. c6 bxc6 32. bxc6 Bxc6 33. f3 1/2-1/2

[Event "Ruhrgebiet Verbandsklasse Gruppe 1 1415"]
[Site "Germany"]
[Date "2014.12.14"]
[Round "4"]
[White "Winterberg, Andreas"]
[Black "Solberg, Kirsten"]
[Result "1-0"]
[WhiteElo "1906"]
[BlackElo "1829"]
[PlyCount "33"]
[EventDate "2014.09.21"]
[EventType "team-tourn"]
[EventRounds "9"]
[EventCountry "GER"]
[SourceTitle "EXT 2022"]
[Source "ChessBase"]
[SourceDate "2021.10.06"]
[SourceVersion "1"]
[SourceVersionDate "2021.10.06"]
[SourceQuality "1"]
[WhiteTeam "Waltrop SV"]
[BlackTeam "Unna SV"]
[WhiteTeamCountry "GER"]
[BlackTeamCountry "GER"]

1. e4 c5 2. c3 d6 3. d4 cxd4 4. cxd4 g6 5. Nf3 Bg7 6. Nc3 Nf6 7. Bc4 0-0 8. Bb3 b6 9. 0-0 Bb7 10. Re1 Nbd7 11. e5 dxe5 12. dxe5 Ng4 13. e6 Bxf3 14. gxf3 Nxh2 15. exd7 Qc7 16. Nd5 Qc5 17. Be3 1-0

[Event "Ruhrgebiet Verbandsklasse Gruppe 1 1415"]
[Site "Germany"]
[Date "2014.10.19"]
[Round "2.2"]
[White "Solberg, Kirsten"]
[Black "Achenbach, Manfred"]
[Result "1-0"]
[WhiteElo "1829"]
[BlackElo "2001"]
[PlyCount "109"]
[EventDate "2014.09.21"]
[EventType "team-tourn"]
[EventRounds "9"]
[EventCountry "GER"]
[SourceTitle "EXT 2022"]
[Source "ChessBase"]
[SourceDate "2021.10.06"]
[SourceVersion "1"]
[SourceVersionDate "2021.10.06"]
[SourceQuality "1"]
[WhiteTeam "Unna SV"]
[BlackTeam "Muelheim SC"]
[WhiteTeamCountry "GER"]
[BlackTeamCountry "GER"]

1. e4 c5 2. Nf3 d6 3. d4 cxd4 4. Nxd4 a6 5. a4 e5 6. Nb3 Nf6 7. Nc3 Be6 8. Be2 Nbd7 9. Be3 Rc8 10. f3 Be7 11. a5 Qc7 12. 0-0 0-0 13. Qd2 Nc5 14. Nxc5 dxc5 15. Nd5 Bxd5 16. exd5 c4 17. Ra4 c3 18. bxc3 Qxc3 19. Qxc3 Rxc3 20. Bd3 Nxd5 21. Bd2 Rc7 22. Rb1 Bc5+ 23. Kf1 Bd4 24. Be4 Rd8 25. c4 Nf6 26. Bxb7 Rb8 27. Rab4 Bc5 28. R4b3 Rd8 29. Be1 h6 30. Bxa6 e4 31. Rb8 Rcd7 32. Rxd8+ Rxd8 33. Rb5 Be3 34. Ke2 Bg1 35. h3 exf3+ 36. gxf3 Re8+ 37. Kf1 Bd4 38. Bb7 g5 39. a6 Rd8 40. c5 Ne8 41. Bf2 Nc7 42. Rb6 Be5 43. a7 Rd1+ 44. Ke2 Ra1 45. Ra6 Rb1 46. a8Q+ Nxa8 47. Rxa8+ Kg7 48. Be4 Rb2+ 49. Kf1 Rd2 50. Ra4 Rd1+ 51. Kg2 Rd2 52. Rc4 h5 53. Rc2 Rd7 54. c6 Rc7 55. Bb6 1-0

[Event "BL2 West 1112 (Women)"]
[Site "Germany"]
[Date "2012.02.11"]
[Round "6.3"]
[White "Marx, Inga"]
[Black "Solberg, Kirsten"]
[Result "0-1"]
[WhiteElo "1792"]
[BlackElo "2018"]
[PlyCount "104"]
[EventDate "2011.10.29"]
[EventType "team-tourn"]
[EventRounds "7"]
[EventCountry "GER"]
[SourceTitle "EXT 2013"]
[Source "ChessBase"]
[SourceDate "2012.11.22"]
[SourceVersion "1"]
[SourceVersionDate "2012.11.22"]
[SourceQuality "1"]
[WhiteTeam "Kiel Doppelbauer (W)"]
[BlackTeam "Wattenscheid (W)"]
[WhiteTeamCountry "GER"]
[BlackTeamCountry "GER"]

1. e4 c5 2. Nf3 d6 3. d4 cxd4 4. Nxd4 Nf6 5. Nc3 e6 6. Be2 Be7 7. Be3 0-0 8. 0-0 a6 9. a4 b6 10. Qd2 Bb7 11. f3 Qc7 12. Rfd1 Nbd7 13. Bf2 Rfd8 14. Rac1 d5 15. exd5 Nxd5 16. Nxd5 Bxd5 17. c4 Bb7 18. Qc2 Rac8 19. b3 Bg5 20. Rb1 g6 21. Qa2 e5 22. Nc2 e4 23. fxe4 Bxe4 24. Bd3 Nc5 25. Bxe4 Nxe4 26. Bd4 Rxd4 27. Rxd4 Nc3 28. Qb2 Ne2+ 29. Kh1 Nxd4 30. Nxd4 Qd6 31. Nf3 Bf6 32. Qe2 Rd8 33. h3 a5 34. Qe3 Rd7 35. Rc1 Re7 36. Qh6 Qg3 37. Qd2 Re4 38. c5 bxc5 39. Rxc5 Bd4 40. Rxa5 Rf4 41. Rg5 Rxf3 42. gxf3 Qxh3+ 43. Qh2 Qf1+ 44. Rg1 Qxf3+ 45. Rg2 Qd1+ 46. Rg1 Qxb3 47. Rf1 Qxa4 48. Qc7 Qa8+ 49. Kh2 Qe8 50. Kh3 Qe6+ 51. Kg2 Qe2+ 52. Kg3 Be5+ 0-1

[Event "BL2 Mitte 1011 (Women)"]
[Site "Germany"]
[Date "2010.12.05"]
[Round "4.3"]
[White "Genova, Liubka"]
[Black "Solberg, Kirsten"]
[Result "1-0"]
[WhiteElo "2283"]
[BlackElo "2021"]
[PlyCount "83"]
[EventDate "2010.11.06"]
[EventType "team-tourn"]
[EventRounds "7"]
[EventCountry "GER"]
[SourceTitle "EXT 2012"]
[Source "ChessBase"]
[SourceDate "2011.11.24"]
[SourceVersion "1"]
[SourceVersionDate "2011.11.24"]
[SourceQuality "1"]
[WhiteTeam "Friedberg (W)"]
[BlackTeam "Wattenscheid (W)"]
[WhiteTeamCountry "GER"]
[BlackTeamCountry "GER"]

1. e4 c5 2. Nf3 d6 3. d4 cxd4 4. Nxd4 Nf6 5. f3 g6 6. c4 Bg7 7. Be3 Nc6 8. Qd2 0-0 9. Be2 Ne8 10. Nc3 Nc7 11. Rd1 Bd7 12. 0-0 Nxd4 13. Bxd4 Bxd4+ 14. Qxd4 Ne6 15. Qd2 Qb6+ 16. Kh1 Bc6 17. f4 Qc5 18. f5 Ng7 19. Qh6 gxf5 20. Rd3 f6 21. Rg3 Rf7 22. Rxf5 Qd4 23. Bh5 Raf8 24. Rf4 Qd2 25. Bxf7+ Rxf7 26. h3 f5 27. exf5 Qe1+ 28. Kh2 Qe5 29. Rfg4 Bd7 30. Nd5 Bxf5 31. Rg5 e6 32. Nf6+ Qxf6 33. Qxf6 Rxf6 34. Rxg7+ Kf8 35. Rxb7 Rf7 36. Rxf7+ Kxf7 37. Ra3 d5 38. cxd5 exd5 39. Kg3 d4 40. Kf4 Bc2 41. Rxa7+ Ke6 42. Ra5 1-0

[Event "Ruhrgebiet VK2 0910"]
[Site "Ruhrgebiet"]
[Date "2010.01.10"]
[Round "5.3"]
[White "Mackowiak, Sascha"]
[Black "Solberg, Kirsten"]
[Result "0-1"]
[WhiteElo "1934"]
[BlackElo "2022"]
[PlyCount "132"]
[EventDate "2009.09.06"]
[EventType "team"]
[EventRounds "9"]
[EventCountry "GER"]
[SourceTitle "EXT 2011"]
[Source "ChessBase"]
[SourceDate "2010.11.26"]
[SourceVersion "1"]
[SourceVersionDate "2010.11.26"]
[SourceQuality "1"]
[WhiteTeam "Bochum SV II"]
[BlackTeam "Unna SV"]
[WhiteTeamCountry "GER"]
[BlackTeamCountry "GER"]

1. d4 d5 2. c4 Nf6 3. Nc3 e6 4. Bg5 Be7 5. cxd5 exd5 6. Qc2 0-0 7. e3 c6 8. Bd3 h6 9. Bf4 Nbd7 10. Nf3 a6 11. 0-0 c5 12. a4 b6 13. h3 Bb7 14. Rac1 Rc8 15. Qe2 c4 16. Bf5 Ra8 17. Ne5 Nb8 18. Qf3 Nc6 19. Rfd1 Nb4 20. Nxc4 Ne8 21. Ne5 Nd6 22. Bb1 Rc8 23. Qg4 f5 24. Qg3 Bh4 25. Qg6 Rf6 26. Qh5 Rf8 27. Ng6 Be7 28. Nxf8 Bxf8 29. Qg6 Rc6 30. Bxd6 Rxd6 31. Qxf5 Bc8 32. Qh5 Be6 33. Ne2 Bf7 34. Qg4 h5 35. Qg3 Nc6 36. Nf4 Ne7 37. Rc3 Qd7 38. b3 Rh6 39. Rdc1 Qd6 40. Nxh5 Bxh5 41. Qxd6 Rxd6 42. Rc7 Be8 43. Ra7 a5 44. Rcc7 Rc6 45. Bd3 Re6 46. Be2 Nc6 47. Ra8 Bg6 48. Rcc8 Rf6 49. Bf3 Nb4 50. Rab8 Bc2 51. Bxd5+ Nxd5 52. Rxc2 Kh7 53. Rcc8 Bb4 54. e4 Ne7 55. Rh8+ Kg6 56. d5 Bc5 57. e5 Rxf2 58. d6 Nf5 59. Rbc8 Rd2+ 60. Kf1 Ng3+ 61. Ke1 Re2+ 62. Kd1 Rxe5 63. Rhd8 Bb4 64. d7 Rd5+ 65. Kc2 Rd2+ 66. Kb1 Nf5 0-1

[Event "Ruhrgebiet VK2 0708"]
[Site "Germany"]
[Date "2007.12.09"]
[Round "4.4"]
[White "Weinert, Christian"]
[Black "Solberg, Kirsten"]
[Result "1-0"]
[WhiteElo "1941"]
[BlackElo "2024"]
[PlyCount "113"]
[EventDate "2007.09.16"]
[EventType "team"]
[EventRounds "9"]
[EventCountry "GER"]
[SourceTitle "EXT 2009"]
[Source "ChessBase"]
[SourceDate "2008.11.26"]
[SourceVersion "1"]
[SourceVersionDate "2008.11.26"]
[SourceQuality "1"]
[WhiteTeam "Mengede SG"]
[BlackTeam "Unna SV"]
[WhiteTeamCountry "GER"]
[BlackTeamCountry "GER"]

1. d4 d5 2. Nf3 Nf6 3. Bf4 Bf5 4. c4 c6 5. Nc3 e6 6. e3 Be7 7. Be2 0-0 8. 0-0 dxc4 9. Bxc4 Nd5 10. Bg3 Nxc3 11. bxc3 b5 12. Bb3 Nd7 13. Qe2 Qa5 14. e4 Bg4 15. Qe3 Rfe8 16. Ne5 Nxe5 17. Bxe5 Bf8 18. f3 Bh5 19. g4 Bg6 20. Bg3 c5 21. f4 c4 22. Bc2 f6 23. Qf3 Qb6 24. Bf2 Qb7 25. Be3 Rad8 26. Rab1 a6 27. a4 Qd7 28. axb5 axb5 29. f5 exf5 30. gxf5 Bf7 31. Rf2 Rb8 32. Rg2 Qe7 33. Bf4 Rb7 34. e5 fxe5 35. Bxe5 Rb6 36. Rf1 Kh8 37. f6 gxf6 38. Bxf6+ Rxf6 39. Qxf6+ Qxf6 40. Rxf6 Bd5 41. Rg3 b4 42. cxb4 Bxb4 43. Rf5 Bg8 44. d5 Re1+ 45. Kf2 Rc1 46. Be4 Be1+ 47. Ke3 Bxg3 48. hxg3 Rd1 49. Kf4 c3 50. Ke5 Rd2 51. Rf3 c2 52. Rc3 Kg7 53. Rxc2 Rxc2 54. Bxc2 Kf7 55. Bf5 Ke7 56. Be6 Bxe6 57. dxe6 1-0